Domov ako chlieb a soľ

Bibliographic Details
Main Author: Rezník, Jaroslav, 1942- (Author)
Format: Article
Language:Slovak
Subjects:

MARC

LEADER 00000nab a2200000 a 4500
001 vtls000243162
003 SK-MaSNL
005 20260304071831.0
008 250423c1986 xo 0 slo
015 |a SNBRB19rr/mm-uuuuu 
035 |a CL0253276 
035 |a urn:nbn:sk:snk-abeljb 
035 |a (urnnbn)urn:nbn:sk:snk:ar-000a8z 
035 |a (uuid)29083c28-a380-47cc-94cc-e1ba6119f991 
040 |a SNKBUCL  |b slo  |c SNKBUCL  |e AACR2 
041 0 |a slo 
044 |a xo  |c SK 
080 |a 885.4-94  |2 1981 
100 1 |a Rezník, Jaroslav,  |d 1942-  |4 aut  |9 100140 
245 1 0 |a Domov ako chlieb a soľ  |c Jaroslav Rezník 
600 1 7 |a Rezník, Jaroslav,  |d 1942-  |2 snkbucl  |9 100140 
655 7 |a články z novín a časopisov  |2 snkbucl  |9 267496 
655 7 |a články z odboru literárna veda a krásna literatúra  |2 snkbucl  |9 770045 
655 7 |a spomienky  |2 snkbucl  |9 29509 
773 0 |t Slovenské pohľady  |g Roč. 102, č. 3 (1986), s. 81-89 
850 |a Slovenská národná knižnica 
852 |a Slovenská národná knižnica 
954 |a beletria cudzojazyčná (svetová)  |2 lita 
958 |a article27 
958 |a BX 
958 |a RK 
958 |a LX 
958 |a OND 
958 |a EUIPO 
992 |a RBX 
999 |c 2762421  |d 2764351